Kontrolná činnosť v organizáciách spotrebných družstiev v SSR (štvorsemestrálne postgraduálne štúdium) projekt kurzu postgraduálneho štúdia

Saved in:
Bibliographic Details
Main Author: Kita, Jaroslav
Corporate Author: Vysoká škola ekonomická v Bratislave. Obchodná fakulta
Format: Book
Language:Slovak
Published: Bratislava VŠE 1986
Tags: Add Tag
No Tags, Be the first to tag this record!

MARC

LEADER 00000nam a2200000 4500
001 0146888
005 20240718080414.6
041 0 |a slo 
044 |a SK 
245 1 0 |a Kontrolná činnosť v organizáciách spotrebných družstiev v SSR (štvorsemestrálne postgraduálne štúdium)  |b projekt kurzu postgraduálneho štúdia  |c vedúci kurzu Jaroslav Kita 
264 1 |a Bratislava  |b VŠE  |c 1986 
300 |a 101 s. 
100 1 |a Kita, Jaroslav 
710 2 |a Vysoká škola ekonomická v Bratislave. Obchodná fakulta